Score 0/48 Timer 07:00
6 Plays Today
Clue Word % Correct
FrightenSCARE
91.7%
Make loud noises while sleepingSNORE
91.4%
What the third pig's house was built ofBRICK
90.9%
Camping treat with marshmallowsS'MORE
89.9%
Largest mammal on earthWHALE
89.8%
The entire thingWHOLE
89.6%
Black card suitSPADE
89.5%
Kick a field goal or drop a basket, e.g.SCORE
89.5%
That's Italian for loveAMORE
89.4%
'War and ___'PEACE
89%
Plural of 'that'THOSE
88.5%
Fruit used in cobblersPEACH
88.1%
10 pins in two ballsSPARE
88%
Run afterCHASE
87.6%
SelectedCHOSE
86.6%
Extend your hand to touchREACH
86.2%
Oak tree nutACORN
86.1%
Hard-to-kill kitchen pestROACH
85.1%
To show gratitudeTHANK
84.7%
Be fond ofADORE
84.6%
CoarseROUGH
84.4%
Tuberculosis symptomCOUGH
84.2%
Sofa's cousinCOUCH
83.8%
Openly dislike or disrespectSCORN
83.6%
Clue Word % Correct
Fast or smartQUICK
81.7%
Baton ___ROUGE
81.7%
Decorate or embellishADORN
81.5%
A division of General MotorsBUICK
80.6%
'Jaws' antagonistSHARK
80.1%
A cut of beef from the legSHANK
79.6%
Samuel Jackson's CarterCOACH
78.3%
Pin that holds an oarTHOLE
75.3%
'To ___ own self be true'THINE
74.2%
Rock that can contain oilSHALE
73%
Ghost or colorSHADE
70.8%
EdgeBRINK
70%
Gas, liquid, or solid, e.g.PHASE
68.9%
'___ Porridge Hot'PEASE
68.1%
Salty sea waterBRINE
67.9%
Macbeth's or Macduff's titleTHANE
67.2%
ThreefoldTRINE
64.4%
IdiosyncrasyQUIRK
59.1%
Overcharge or scoop outGOUGE
53.7%
Colorful 80's cartoon creatureSNORK
52.4%
It gets hunted in a Lewis Carroll storySNARK
52.3%
An instrument for measuringGAUGE
51.1%
What a mummy is wrapped inGAUZE
48.7%
Up, down, strange, or charm, e.g.QUARK
38%
Remove Ads.
Support Sporcle.
Get the best of Sporcle when you Go Orange. This ad-free experience offers more features, more stats, and more fun while also helping to support Sporcle. Thank you for becoming a member.

You're not logged in!

Compare scores with friends on all Sporcle quizzes.
OR
Log In

Show Comments

Extras

Top Quizzes Today


Score Distribution

Your Account Isn't Verified!

In order to create a playlist on Sporcle, you need to verify the email address you used during registration. Go to your Sporcle Settings to finish the process.

Report this User

Report this user for behavior that violates our Community Guidelines.

Details: